000
00303nam a22001217a 4500
008
230621b xxu||||| |||| 00| 0 eng d
082
_a
328.35
_b
IPU 1985
245
_a
Inter-Parliamentary Bulletin
260
_a
Geneva
_b
Inter-Parliamentary Union
_c
1985
300
_a
37p
440
_n
3
942
_2
ddc
_c
BK
999
_c
2251
_d
2251